|
|
|
|
| LEADER |
00000nam a22000007a 4500 |
| 005 |
20201118214854.0 |
| 007 |
cr|||| |||| |
| 008 |
201118s2019 co |||||s|||| 00||0 spa d |
| 020 |
|
|
|a 978-958-781-393-7
|
| 035 |
|
|
|a 32270
|
| 040 |
|
|
|a vLex
|
| 090 |
|
|
|c 10893
|d 10893
|
| 100 |
1 |
|
|a Rojas Pinilla, Humberto
|
| 245 |
1 |
0 |
|a Teora̕ y prc̀tica del anl̀isis de conflictos ambientales complejos
|h [Recurso electrn̤ico] :
|b El caso de San Isidro Patios en Bogot ̀/
|c Humberto Rojas Pinilla
|
| 256 |
|
|
|a Servicio en ln̕ea
|
| 260 |
|
|
|a Bogot:̀
|b Pontificia Universidad Javeriana,
|c 2019
|
| 300 |
|
|
|a 1 recurso electrn̤ico
|
| 506 |
1 |
|
|a Disponible solo en los productos indicados
|d vLex Global
|d vLex Global (Academic Edition, excluding Law Schools)
|d vLex Global (U.S. Academic Edition, Law Schools)
|d vLex Global (U.S. Academic Edition, excluding Law Schools)
|d vLex Global (Academic Edition, Law Schools)
|
| 650 |
0 |
4 |
|a Derecho del Medio Ambiente
|z Colombia
|
| 740 |
0 |
|
|a vLex Libros (Servicio en ln̕ea)
|
| 856 |
4 |
0 |
|u http://vlex.com/source/teoria-y-practica-del-analisis-de-conflictos-ambientales-complejos-el-caso-de-san-isidro-patios-en-bogota-32270
|z Acceso restringido
|
| 942 |
|
|
|c BOOK
|
| 999 |
0 |
|
|a Environmental Law
|